[Event "Autumn Cup"]
[Site "Box Hill"]
[Date "2002.03.01"]
[Round "4.25"]
[White "Stojic, Svetozar"]
[Black "Nincevic, Anton"]
[Result "1-0"]
[WhiteElo "1575"]
[BlackElo "1404"]
[Annotator "tw"]
[PlyCount "79"]
[EventDate "2002.02.08"]

1. e4 e5 2. Nf3 Nc6 3. Bb5 Nge7 4. O-O a6 5. Ba4 d6 6. c3 Bd7 7. d4 exd4 8.
cxd4 Ng6 9. Re1 Be7 10. Nc3 O-O 11. Nd5 h6 12. Nxe7+ Ncxe7 13. Bb3 c6 14. e5 d5
15. Nd2 Be6 16. Nf1 Qd7 17. Ng3 Bg4 18. f3 Be6 19. Nh5 Bf5 20. Bxh6 f6 21. Bxg7
fxe5 22. Bxf8 Rxf8 23. dxe5 Qe6 24. g4 Nh8 25. Nf6+ Kf7 26. gxf5 Qxf5 27. Qe2
Qg5+ 28. Qg2 Qxg2+ 29. Kxg2 Nhg6 30. Bc2 Rh8 31. Bxg6+ Nxg6 32. Ng4 Ke6 33. Re3
Rh5 34. Rb3 Rh7 35. Rg1 Rg7 36. Kf1 Re7 37. Rg3 Nxe5 38. Re3 Kd6 39. Nxe5 Rxe5
40. Rg6+ 1-0

[Event "Autumn Cup"]
[Site "Box Hill"]
[Date "2002.03.01"]
[Round "4.26"]
[White "Lacey, David"]
[Black "Hickman, Casey"]
[Result "1-0"]
[WhiteElo "1559"]
[BlackElo "1118"]
[Annotator "tw"]
[PlyCount "121"]
[EventDate "2002.02.08"]

1. e4 e5 2. Nf3 Nc6 3. Bb5 a6 4. Ba4 Nf6 5. O-O b5 6. Bb3 Bc5 7. c3 d5 8. exd5
Nxd5 9. Nxe5 Nxe5 10. Re1 O-O 11. Rxe5 c6 12. d4 Bd6 13. Re1 Bc7 14. Qf3 Re8
15. Rxe8+ Qxe8 16. Be3 Be6 17. Nd2 f6 18. Ne4 Qg6 19. Nc5 Bf7 20. a4 Nxe3 21.
Bxf7+ Kxf7 22. fxe3 Qc2 23. Qxc6 Ra7 24. Qe6+ Kg6 25. Qe4+ Qxe4 26. Nxe4 Rb7
27. Nc5 Rb6 28. b4 Bd6 29. axb5 axb5 30. Kf2 Bxh2 31. g3 Bxg3+ 32. Kxg3 h5 33.
Ra6 Rxa6 34. Nxa6 Kg5 35. Nc7 h4+ 36. Kh3 Kh5 37. Nd5 Kg5 38. e4 Kh5 39. Nf4+
Kg5 40. Ne6+ Kg6 41. Kxh4 Kf7 42. Nxg7 Kxg7 43. Kg4 Kg6 44. d5 Kf7 45. Kf4 Ke7
46. Kf5 Kf7 47. d6 Ke8 48. Kxf6 Kd7 49. e5 Ke8 50. e6 Kd8 51. Kf7 Kc8 52. e7
Kd7 53. e8=Q+ Kxd6 54. Qxb5 Kc7 55. Ke7 Kc8 56. Qc6+ Kb8 57. Qd7 Ka8 58. c4 Kb8
59. c5 Ka8 60. c6 Kb8 61. Qb7# 1-0

[Event "Autumn Cup"]
[Site "Box Hill"]
[Date "2002.03.01"]
[Round "4.27"]
[White "Mihalopoulos, Tony"]
[Black "Exner, Rolf"]
[Result "0-1"]
[WhiteElo "1372"]
[BlackElo "1624"]
[Annotator "tw"]
[PlyCount "118"]
[EventDate "2002.02.08"]

1. d4 Nf6 2. Nc3 d5 3. e4 dxe4 4. f3 exf3 5. Nxf3 Bg4 6. Be3 e6 7. Bd3 Nc6 8.
O-O Be7 9. Ne2 Nd5 10. Bd2 Ncb4 11. Be4 Nc6 12. c3 Qd7 13. b4 a6 14. a4 Bf6 15.
Qe1 O-O 16. Ng3 Rad8 17. h3 Bxf3 18. Rxf3 Ndxb4 19. Nh5 Bxd4+ 20. Kh1 Be5 21.
Bxh7+ Kxh7 22. Qh4 Kg8 23. Bf4 Bxc3 24. Rxc3 Qe7 25. Qg4 f5 26. Qg3 Qf7 27. Bh6
Kh7 28. Qxg7+ Qxg7 29. Bxg7 Rg8 30. Rg3 Nd5 31. Rd1 Nce7 32. Rd4 Ng6 33. Nf6+
Kxg7 34. Nxg8 Rxg8 35. h4 Nf6 36. Rc3 c6 37. Rb3 Rb8 38. g3 Nd5 39. Kg2 e5 40.
Rd1 e4 41. Rf1 Kf6 42. Kh3 Ne5 43. h5 Ng4 44. Re1 Kg5 45. Rf1 e3 46. Kg2 b5 47.
axb5 axb5 48. Ra3 b4 49. Ra7 e2 50. Rh1 Re8 51. Re1 b3 52. Rb7 Re3 53. Rg7+ Kf6
54. Rg6+ Ke5 55. Rxc6 Nb4 56. h6 Nxh6 57. Rxh6 Nd3 58. Rh8 Nxe1+ 59. Kf2 Nc2
0-1

[Event "Autumn Cup"]
[Site "Box Hill"]
[Date "2002.03.01"]
[Round "4.29"]
[White "Chong, Trevor"]
[Black "Palit, Vikram"]
[Result "0-1"]
[WhiteElo "1220"]
[BlackElo "1489"]
[Annotator "tw"]
[PlyCount "108"]
[EventDate "2002.02.08"]

1. c4 c5 2. Nc3 Nf6 3. Nf3 Nc6 4. g3 e6 5. Bg2 d5 6. cxd5 Nxd5 7. O-O Be7 8. a3
O-O 9. d3 b6 10. Bd2 Bb7 11. Rb1 Nd4 12. e3 Nxf3+ 13. Bxf3 Nxc3 14. Bxc3 Bxf3
15. Qxf3 Qxd3 16. Qb7 Bg5 17. Rfd1 Qf5 18. Rbc1 Rfb8 19. Qc7 Qf3 20. Rd7 Rc8
21. Qe5 Bf6 22. Qf4 Qxf4 23. exf4 Bxc3 24. Rxc3 Rd8 25. Rcd3 Rxd7 26. Rxd7 Kf8
27. Kf1 Ke8 28. Rb7 Rd8 29. Ke2 Rd7 30. Rb8+ Ke7 31. Rh8 h6 32. Rh7 Kf6 33. Rh8
Rc7 34. Rd8 c4 35. Kd2 e5 36. Rd6+ Kf5 37. Rd5 f6 38. f3 Ke6 39. Rb5 exf4 40.
gxf4 Rd7+ 41. Ke3 Rd5 42. Rxd5 Kxd5 43. h4 h5 44. f5 Ke5 45. f4+ Kxf5 46. Kf3
g5 47. fxg5 fxg5 48. hxg5 Kxg5 49. Kg3 h4+ 50. Kh3 b5 51. Kg2 a5 52. Kh3 b4 53.
axb4 axb4 54. Kg2 c3 0-1

[Event "Autumn Cup"]
[Site "Box Hill"]
[Date "2002.03.01"]
[Round "4.31"]
[White "Alamanos, John"]
[Black "Sellayah, Renishka"]
[Result "1-0"]
[WhiteElo "1375"]
[BlackElo "1126"]
[Annotator "tw"]
[PlyCount "107"]
[EventDate "2002.02.08"]

1. d4 Nf6 2. c4 d5 3. e3 Nbd7 4. Nc3 c6 5. Bd3 e5 6. cxd5 cxd5 7. dxe5 Nxe5 8.
Be2 Bb4 9. Qb3 Qb6 10. Nf3 Nxf3+ 11. Bxf3 Be6 12. O-O d4 13. Nd5 Bxd5 14. Bxd5
O-O 15. Bf3 Rab8 16. exd4 Ba5 17. Qxb6 Bxb6 18. Be3 Rbd8 19. Bxb7 Bxd4 20. Bxd4
Rxd4 21. b3 Rfd8 22. Bf3 Nd5 23. Rfd1 Nb4 24. a3 Nc2 25. Rxd4 Rxd4 26. Ra2 Ne1
27. Be2 Rd7 28. Kf1 Nd3 29. Rd2 Nc5 30. Rxd7 Nxd7 31. Bc4 Kf8 32. Ke2 f6 33.
Ke3 Ke7 34. f4 Nc5 35. Kd4 Kd6 36. b4 Na4 37. Bb3 Nb6 38. a4 g5 39. fxg5 fxg5
40. g4 Nd7 41. h3 Ne5 42. Ke4 Nc6 43. b5 Nb4 44. Kf5 Nd3 45. Kxg5 Nf2 46. h4
Ke5 47. h5 h6+ 48. Kxh6 Nxg4+ 49. Kg5 Nf6 50. a5 Nd7 51. h6 Nf8 52. b6 axb6 53.
a6 Ne6+ 54. Bxe6 1-0

[Event "Autumn Cup"]
[Site "Box Hill"]
[Date "2002.03.01"]
[Round "4.32"]
[White "Gombik, Louis"]
[Black "Schlossberg, Jonathan"]
[Result "1/2-1/2"]
[WhiteElo "1360"]
[BlackElo "1145"]
[Annotator "tw"]
[PlyCount "59"]
[EventDate "2002.02.08"]

1. e4 e5 2. Nf3 Nf6 3. Nc3 Bc5 4. d4 exd4 5. Nxd4 Nc6 6. Nxc6 bxc6 7. Bg5 d5 8.
e5 Bxf2+ 9. Kd2 Qe7 10. exf6 gxf6 11. Bh6 d4 12. Nd5 cxd5 13. Bb5+ Kd8 14. Kc1
Bf5 15. Rf1 Be3+ 16. Bxe3 Qxe3+ 17. Qd2 Qxd2+ 18. Kxd2 Bg6 19. Rxf6 Rb8 20. a4
Re8 21. Bxe8 Kxe8 22. b3 d3 23. Re1+ Kd7 24. Re5 c6 25. Rxg6 fxg6 26. Kxd3 Rb4
27. Rg5 Ke6 28. Rg3 Re4 29. Re3 Re5 30. c3 1/2-1/2

[Event "Autumn Cup"]
[Site "Box Hill"]
[Date "2002.03.01"]
[Round "4.33"]
[White "Fielder, Shaun"]
[Black "Wan, James"]
[Result "1-0"]
[WhiteElo "1141"]
[BlackElo "1360"]
[Annotator "sf"]
[PlyCount "113"]
[EventDate "2002.02.08"]

1. d4 d5 2. c4 dxc4 3. e3 b5 4. a4 Ba6 5. Qf3 Nd7 6. Qc6 Qc8 7. axb5 Bb7 8.
Qxc4 Nb6 9. Qc2 e6 10. e4 Nf6 11. Nc3 Bb4 12. Bd3 Qd7 13. Nf3 c6 14. O-O Bxc3
15. bxc3 cxb5 16. Ne5 Qc7 17. Bxb5+ Nbd7 18. Qa4 Bxe4 19. c4 a6 20. Bf4 Qa7 21.
c5 axb5 22. Qxa7 Rxa7 23. Rxa7 Nxe5 24. Bxe5 O-O 25. Bxf6 gxf6 26. Rc1 Rc8 27.
Ra6 b4 28. c6 b3 29. Rb6 Bc2 30. Kf1 Ra8 31. c7 Rc8 32. Rb8 Bd3+ 33. Ke1 Ba6
34. Rxb3 Kg7 35. Rb8 Kg6 36. Rxc8 Bxc8 37. Rb1 Kf5 38. Rb8 Ba6 39. c8=Q Bxc8
40. Rxc8 Ke4 41. Rc7 Kxd4 42. Rxf7 f5 43. Rxh7 e5 44. Rh4+ e4 45. Kd2 Ke5 46.
Ke3 Kf6 47. Kf4 Kg6 48. h3 Kf6 49. Rh6+ Kg7 50. Ra6 Kf7 51. Kxf5 Ke7 52. Kxe4
Kd7 53. Kd5 Kc7 54. Kc5 Kb7 55. Rc6 Kb8 56. Kb6 Ka8 57. Rc8# 1-0

[Event "Autumn Cup"]
[Site "Box Hill"]
[Date "2002.03.01"]
[Round "4.34"]
[White "Van Dijk, Devrim"]
[Black "Benjamin, Frank"]
[Result "1-0"]
[WhiteElo "1109"]
[BlackElo "1251"]
[Annotator "tw"]
[PlyCount "69"]
[EventDate "2002.02.08"]

1. e4 e5 2. Nf3 Nc6 3. Bc4 Bc5 4. c3 Nf6 5. d4 exd4 6. cxd4 Bb6 7. Bg5 h6 8.
Bxf6 Qxf6 9. e5 Qg6 10. O-O Nb4 11. a3 Nc6 12. Re1 O-O 13. Nc3 Ne7 14. Bd3 Qc6
15. Bb5 Qg6 16. Nh4 Qg5 17. g3 Nf5 18. Nxf5 Qxf5 19. Nd5 Qe6 20. Nf4 Qe7 21.
Bc4 c6 22. Ng6 Qe8 23. Nxf8 Qxf8 24. f4 Kh8 25. Kg2 d5 26. exd6 Qxd6 27. Bxf7
Bd7 28. Re4 Rf8 29. Bh5 Bf5 30. Re8 Rxe8 31. Bxe8 Qd5+ 32. Kf1 Qh1+ 33. Kf2
Qxh2+ 34. Kf3 Qh5+ 35. Bxh5 1-0

[Event "Autumn Cup"]
[Site "Box Hill"]
[Date "2002.03.01"]
[Round "4.35"]
[White "Papa, Phil"]
[Black "Loo, Jonathan"]
[Result "0-1"]
[WhiteElo "1249"]
[BlackElo "1036"]
[Annotator "tw"]
[PlyCount "128"]
[EventDate "2002.02.08"]

1. c4 e5 2. g3 g6 3. Bg2 Bg7 4. Nc3 Ne7 5. Nf3 Nbc6 6. e3 d5 7. cxd5 Nxd5 8.
O-O Nxc3 9. dxc3 Qxd1 10. Rxd1 Bg4 11. Rd2 O-O 12. Rb1 Bf5 13. Ra1 Rfe8 14. Nh4
Bg4 15. h3 Bc8 16. Re2 e4 17. Bd2 b6 18. f3 Ba6 19. Rf2 Bd3 20. fxe4 Bxe4 21.
Bxe4 Rxe4 22. Raf1 Rf8 23. Nf3 Ne5 24. Nxe5 Rxe5 25. Rf4 Ra5 26. a3 Rb5 27. Bc1
Be5 28. R4f3 Rd5 29. e4 Rd6 30. Bh6 Bg7 31. Bf4 Rd7 32. Kg2 Re8 33. Re3 Rd2+
34. Rf2 Rxf2+ 35. Kxf2 c5 36. e5 Rd8 37. Ke2 Kf8 38. Rd3 Re8 39. Rd5 Ke7 40.
Rd3 Ke6 41. Re3 h5 42. h4 Kf5 43. Kd3 Bxe5 44. Kc4 Re6 45. Kd5 Bxf4 46. Rxe6
fxe6+ 47. Kc6 e5 48. gxf4 exf4 49. Kb7 f3 50. Kxa7 f2 51. Kxb6 f1=Q 52. a4 Qc1
53. a5 Qxb2+ 54. Ka7 Qxc3 55. a6 Qa5 56. Kb7 c4 57. a7 Qxa7+ 58. Kxa7 c3 59.
Kb7 c2 60. Kc7 c1=Q+ 61. Kd7 Qc5 62. Ke8 Qc7 63. Kf8 Kf6 64. Kg8 Qg7# 0-1

[Event "Autumn Cup"]
[Site "Box Hill"]
[Date "2002.03.01"]
[Round "4.36"]
[White "Lauder, Natasha"]
[Black "Petrou, Anthony"]
[Result "1-0"]
[WhiteElo "830"]
[BlackElo "1217"]
[Annotator "tw"]
[PlyCount "68"]
[EventDate "2002.02.08"]

1. e4 e6 2. Nc3 f6 3. f4 Ne7 4. d4 a6 5. Nf3 c6 6. Be3 Qc7 7. Be2 d5 8. e5 Nf5
9. Bf2 Bb4 10. Qd2 Nd7 11. g4 Nh6 12. Rg1 c5 13. O-O-O c4 14. Rde1 f5 15. g5
Ng4 16. Bh4 h5 17. h3 Ngxe5 18. fxe5 g6 19. a3 Be7 20. Na4 Qc6 21. Nc3 b5 22.
Na2 a5 23. Kb1 b4 24. axb4 axb4 25. c3 Qa4 26. Nxb4 Qa1+ 27. Kc2 Qa4+ 28. Kc1
Qa1+ 29. Kc2 Qa4+ 30. Kc1 Nb6 31. Qc2 Qb5 32. b3 Bxb4 33. cxb4 Qxb4 34. Qb2
cxb3 {Scoresheet problems} 1-0

[Event "Autumn Cup"]
[Site "Box Hill"]
[Date "2002.03.01"]
[Round "4.37"]
[White "Fell, Samuel"]
[Black "Muthusamy, Reubban"]
[Result "0-1"]
[WhiteElo "1057"]
[BlackElo "1206"]
[Annotator "tw"]
[PlyCount "88"]
[EventDate "2002.02.08"]

1. d4 d5 2. c4 e6 3. Nc3 Nf6 4. cxd5 exd5 5. Bg5 Be7 6. e3 O-O 7. Nf3 Bg4 8.
Bd3 h6 9. Bf4 Bd6 10. Bxd6 Qxd6 11. Nb5 Qd8 12. h3 Bh5 13. g4 Bg6 14. Bxg6 fxg6
15. Ne5 c6 16. Nxg6 Qa5+ 17. Nc3 Rf7 18. Ne5 Rf8 19. f3 Na6 20. h4 Nh7 21. Qc2
Nb4 22. Qg6 Rf6 23. Qb1 Rd8 24. a3 Na6 25. f4 Rfd6 26. g5 h5 27. g6 Nf6 28. Nf7
Re6 29. Ne5 c5 30. O-O cxd4 31. exd4 Qb6 32. Qd3 Nd7 33. Nf7 Rxg6+ 34. Kh1 Kxf7
35. Qf5+ Nf6 36. Rac1 Qd6 37. Nb5 Qd7 38. Qd3 Qg4 39. Rf2 Ne4 40. Rh2 Ng3+ 41.
Kg1 Ne2+ 42. Kf1 Re8 43. Nd6+ Rxd6 44. f5 Qg1# 0-1

[Event "Autumn Cup"]
[Site "Box Hill"]
[Date "2002.03.01"]
[Round "4.39"]
[White "Gunawan, Andy"]
[Black "Yu, Derek"]
[Result "0-1"]
[WhiteElo "1391"]
[BlackElo "850"]
[Annotator "tw"]
[PlyCount "120"]
[EventDate "2002.02.08"]

1. e4 e5 2. f4 exf4 3. Nf3 Nf6 4. Nc3 d5 5. exd5 Nxd5 6. Nxd5 Qxd5 7. d4 Bg4 8.
Bxf4 Nc6 9. c3 Bd6 10. Qe2+ Qe6 11. Bxd6 Qxe2+ 12. Bxe2 cxd6 13. O-O-O Rc8 14.
Rhe1 O-O 15. h3 Be6 16. c4 Na5 17. b3 b5 18. d5 Bf5 19. Nd2 bxc4 20. Nxc4 Nxc4
21. Bxc4 a5 22. Kb2 Rb8 23. g4 Bg6 24. Re7 Rfe8 25. Rde1 Kf8 26. Rxe8+ Rxe8 27.
Rxe8+ Kxe8 28. Ka3 f5 29. Ka4 f4 30. Kxa5 f3 31. Kb6 f2 32. Bf1 Ke7 33. a4 Kf6
34. a5 Be4 35. Kc6 Ke5 36. a6 Bxd5+ 37. Kb6 Bxb3 38. a7 Bd5 39. Kb5 Kf4 40. Kb4
Ba8 41. Kc4 Kg3 42. Kd4 Kh2 43. Ke3 Kg1 44. Ke2 d5 45. h4 h6 46. Bh3 g5 47.
hxg5 hxg5 48. Bf1 d4 49. Bh3 d3+ 50. Kxd3 f1=Q+ 51. Bxf1 Kxf1 52. Kd4 Kg2 53.
Ke5 Kg3 54. Kf5 Kh4 55. Ke5 Kxg4 56. Kd4 Kf3 57. Kd3 g4 58. Kd2 Kf2 59. Kd1 g3
60. Kd2 g2 0-1

[Event "Autumn Cup"]
[Site "Box Hill"]
[Date "2002.03.01"]
[Round "4.40"]
[White "Mah, Zunyou"]
[Black "Ziffer, Rocheleh"]
[Result "0-1"]
[WhiteElo "938"]
[BlackElo "1097"]
[Annotator "tw"]
[PlyCount "140"]
[EventDate "2002.02.08"]

1. d4 Nf6 2. c4 e6 3. Nc3 Be7 4. e4 d6 5. f4 b6 6. Nf3 Bb7 7. d5 exd5 8. cxd5
O-O 9. Bd3 c6 10. Be3 cxd5 11. exd5 Re8 12. O-O Ng4 13. Ne4 Nxe3 14. Qd2 Nxf1
15. Rxf1 Bxd5 16. Neg5 Bxg5 17. Nxg5 Bxa2 18. Bxh7+ Kf8 19. f5 Qf6 20. Bg6 Qe7
21. Qc3 Qe3+ 22. Qxe3 Rxe3 23. Nh7+ Kg8 24. f6 fxg6 25. Ng5 gxf6 26. Rxf6 Kg7
27. Rxd6 Re5 28. Nf3 Re6 29. Rd3 Kf6 30. h4 Bb1 31. Rd1 Be4 32. Ng5 Re7 33.
Rf1+ Kg7 34. Re1 Nd7 35. Rxe4 Rxe4 36. Nxe4 Re8 37. Nc3 Nf6 38. b4 Ng4 39. Kf1
Rc8 40. Nb5 Rc4 41. Nxa7 Rxb4 42. Nc8 Nh6 43. Kf2 Nf5 44. g3 Rb3 45. g4 Nxh4
46. Nd6 b5 47. g5 Nf5 48. Ne4 b4 49. Nd2 Rc3 50. Ne4 Rc6 51. Nd2 Kf7 52. Nb3
Rc3 53. Nd2 b3 54. Ke1 Rc1+ 55. Ke2 b2 56. Kf3 b1=Q 57. Nxb1 Rxb1 58. Ke2 Rg1
59. Kf3 Rxg5 60. Kf4 Kf6 61. Kf3 Rg3+ 62. Kf2 g5 63. Kf1 g4 64. Kf2 Kg5 65. Kf1
Kf4 66. Kf2 Ra3 67. Kg2 g3 68. Kf1 Kf3 69. Ke1 g2 70. Kd2 g1=Q 0-1

[Event "Autumn Cup"]
[Site "Box Hill"]
[Date "2002.03.01"]
[Round "4.41"]
[White "Chan, Robert K"]
[Black "Martin, Richard"]
[Result "0-1"]
[WhiteElo "1115"]
[BlackElo "939"]
[Annotator "tw"]
[PlyCount "106"]
[EventDate "2002.02.08"]

1. e4 e5 2. c4 Nf6 3. d3 Bc5 4. h3 O-O 5. Nf3 Nc6 6. Be2 d6 7. O-O Be6 8. Nbd2
Qd7 9. a3 a5 10. a4 Nd4 11. Nxd4 Bxd4 12. Rb1 c5 13. b3 Ne8 14. g4 h5 15. Kg2
Kh7 16. Rh1 h4 17. Qc2 Nf6 18. Nf3 Bxg4 19. hxg4 Qxg4+ 20. Kf1 Qd7 21. Rxh4+
Kg6 22. Nxd4 cxd4 23. Rh1 Rh8 24. Rg1+ Kh7 25. Bg5 Qh3+ 26. Ke1 Kg6 27. Bxf6+
Kxf6 28. Rf1 Rh4 29. Qd1 Rah8 30. b4 b6 31. bxa5 bxa5 32. Rb5 Qg2 33. Bf3 Qh3
34. Rxa5 Rf4 35. Be2 Qg2 36. Qc2 Rh1 37. Rxh1 Qxh1+ 38. Bf1 g5 39. Qe2 g4 40.
Rb5 g3 41. fxg3 Rf3 42. Rb2 Re3 43. a5 Rxe2+ 44. Rxe2 Qg1 45. a6 Qxg3+ 46. Kd2
Qf4+ 47. Kc2 Qxf1 48. Rd2 Qa1 49. Rf2+ Ke6 50. Kd2 Qxa6 51. Ke1 Qa1+ 52. Ke2
Qc3 53. Rf5 Qc2+ 0-1

[Event "Autumn Cup"]
[Site "Box Hill"]
[Date "2002.03.01"]
[Round "4.42"]
[White "Yap, Jonathan"]
[Black "Thakur, Udit"]
[Result "1/2-1/2"]
[WhiteElo "929"]
[BlackElo "702"]
[Annotator "tw"]
[PlyCount "62"]
[EventDate "2002.02.08"]

1. d4 d5 2. Nf3 c5 3. Bf4 Nc6 4. c3 Nf6 5. g3 e6 6. Bg2 Be7 7. O-O O-O 8. Ne5
Bd6 9. Nxc6 bxc6 10. Bxd6 Qxd6 11. Nd2 Bb7 12. Nf3 cxd4 13. Qxd4 c5 14. Qh4 h6
15. Rfe1 e5 16. Rad1 Rfe8 17. e4 d4 18. cxd4 cxd4 19. Nd2 Rad8 20. Nc4 Qc6 21.
Na5 Qb6 22. Nxb7 Qxb7 23. b3 Qd7 24. a4 Rb8 25. Bf1 Qc7 26. Rc1 Qb7 27. Bb5
Rec8 28. Qh3 a6 29. Rxc8+ Rxc8 30. Bc4 Rd8 31. f3 Qb6 1/2-1/2

[Event "Autumn Cup"]
[Site "Box Hill"]
[Date "2002.03.01"]
[Round "4.43"]
[White "Carey, Jamie"]
[Black "Van Dijk, Marieke"]
[Result "1-0"]
[WhiteElo "1126"]
[BlackElo "835"]
[Annotator "jd"]
[PlyCount "41"]
[EventDate "2002.02.08"]

1. e4 e5 2. Nf3 Nc6 3. Nc3 Bc5 4. Nxe5 Nxe5 5. d4 Bb6 6. dxe5 a6 7. Bc4 Qe7 8.
Qf3 Nh6 9. O-O d6 10. exd6 cxd6 11. Nd5 Qd8 12. Bxh6 Be6 13. Bxg7 Rg8 14. Bf6
Qc8 15. Nxb6 Qc7 16. Nxa8 Qxc4 17. Nb6 Qb5 18. Nc8 Bxc8 19. Qc3 Qd7 20. Rad1
Qe6 21. Rxd6 1-0

[Event "Autumn Cup"]
[Site "Box Hill"]
[Date "2002.03.01"]
[Round "4.45"]
[White "Mihalopoulos, Jason"]
[Black "Loo, David"]
[Result "0-1"]
[WhiteElo "914"]
[BlackElo "774"]
[Annotator "jd"]
[PlyCount "66"]
[EventDate "2002.02.08"]

1. d4 e6 2. e4 d5 3. Be3 Bb4+ 4. Nc3 Ne7 5. e5 O-O 6. a3 Ba5 7. f4 f6 8. Bd3
Nf5 9. Bf2 Bd7 10. Nge2 Bb6 11. b4 Nc6 12. Bxf5 exf5 13. Nxd5 Be6 14. Nxb6 axb6
15. O-O fxe5 16. dxe5 Qe7 17. Ng3 Nd8 18. Qd3 Qf7 19. Rac1 Bc4 20. Qd4 Bxf1 21.
Rxf1 Rxa3 22. c3 Ne6 23. Qe3 c5 24. bxc5 bxc5 25. Rb1 Ra4 26. Qf3 Rb8 27. Ne2
Rd8 28. h3 Rb8 29. Rb5 b6 30. g3 Ra5 31. Rb3 Nf8 32. Rb2 Ra2 33. Rb5 Qc4 {
Time
} 0-1

[Event "Autumn Cup"]
[Site "Box Hill"]
[Date "2002.03.01"]
[Round "4.46"]
[White "Qian, Paul"]
[Black "Devoy, Sean"]
[Result "0-1"]
[WhiteElo "911"]
[BlackElo "749"]
[Annotator "jd"]
[PlyCount "76"]
[EventDate "2002.02.08"]

1. e4 e5 2. Nf3 Nc6 3. Nc3 Nf6 4. Bc4 Bc5 5. Nxe5 Nxe5 6. d4 Nxc4 7. dxc5 O-O
8. O-O Qe7 9. Qd4 Ne5 10. f4 Nc6 11. Qe3 Ng4 12. Qf3 Qxc5+ 13. Kh1 d6 14. f5
Nge5 15. Qe2 Nd4 16. Be3 Nc4 17. Bxd4 Qxd4 18. Rad1 Qc5 19. Rd5 Qc6 20. Qd3 b5
21. Qg3 f6 22. Nxb5 Ba6 23. Nd4 Qb6 24. Ne6 Rf7 25. Rf4 Qxb2 26. Rd1 Qxc2 27.
Re1 Ne5 28. h4 Nd3 29. Rg4 Nf2+ 30. Kh2 Nxg4+ 31. Qxg4 Qf2 32. Rc1 Be2 33. Qg3
Qxg3+ 34. Kxg3 Rb8 35. Nxc7 h6 36. Rc2 Bd3 37. Rc3 Bxe4 38. Na6 Rb6 0-1

[Event "Autumn Cup"]
[Site "Box Hill"]
[Date "2002.03.01"]
[Round "4.47"]
[White "Tham, Christopher"]
[Black "Fell, Nathan"]
[Result "0-1"]
[WhiteElo "686"]
[BlackElo "873"]
[Annotator "jd"]
[PlyCount "68"]
[EventDate "2002.02.08"]

1. e4 c5 2. Nf3 d6 3. d4 cxd4 4. Nxd4 Nf6 5. Nc3 a6 6. f3 e5 7. Nb3 Be6 8. Na5
Qxa5 9. Bd2 Qd8 10. f4 exf4 11. Bxf4 Be7 12. e5 dxe5 13. Qxd8+ Bxd8 14. Bxe5
O-O 15. O-O-O Nc6 16. Bd6 Be7 17. Bc7 Rac8 18. Bf4 Rfd8 19. Be2 Rxd1+ 20. Rxd1
Rd8 21. Bd2 Nd4 22. Bd3 Bb4 23. Be3 Bxc3 24. bxc3 Nc6 25. Bd4 Rd7 26. Bc5 Bxa2
27. Re1 Bd5 28. Bf5 Rd8 29. Bb6 Re8 30. Rf1 Bxg2 31. Rg1 Bd5 32. Rg3 Re1+ 33.
Kd2 Re5 34. Bc8 Ne4+ 0-1

[Event "Autumn Cup"]
[Site "Box Hill"]
[Date "2002.03.01"]
[Round "4.48"]
[White "O'Connor, Andrew"]
[Black "Shan, Indran"]
[Result "1-0"]
[WhiteElo "667"]
[BlackElo "864"]
[Annotator "jp"]
[PlyCount "101"]
[EventDate "2002.02.08"]

1. e4 c5 2. Nc3 a6 3. Be2 e6 4. d3 b5 5. Nf3 Nc6 6. d4 Bb7 7. dxc5 Bxc5 8. O-O
Nge7 9. Bg5 h6 10. Bxe7 Qxe7 11. Qd2 O-O-O 12. a4 g5 13. axb5 axb5 14. Nxb5 g4
15. Nfd4 Rdg8 16. g3 Nxd4 17. Nxd4 Qd6 18. Ra4 Bxe4 19. Ba6+ Kd8 20. Nxe6+ dxe6
21. Qxd6+ Bxd6 22. Rxe4 f5 23. Rd4 Ke7 24. Re1 h5 25. Bc4 Rg6 26. Bd3 Kf6 27.
Rxd6 Ke7 28. Ra6 Kf7 29. Bc4 Re8 30. b4 Rb8 31. b5 Rh6 32. Bxe6+ Kg7 33. b6 Re8
34. b7 Rb8 35. Rb1 Rhh8 36. Bd5 Rhd8 37. c4 Rf8 38. Rba1 f4 39. Ra8 f3 40. Rxb8
Rf6 41. Rd8 Rb6 42. b8=Q Rf6 43. Qe5 Kg6 44. Qxf6+ Kxf6 45. Re1 Kf5 46. c5 h4
47. c6 h3 48. c7 Kg5 49. c8=Q Kf6 50. Ba8 Kg6 51. Qxg4+ 1-0

[Event "Autumn Cup"]
[Site "Box Hill"]
[Date "2002.03.01"]
[Round "4.49"]
[White "Farrelly, Cathy"]
[Black "Leong, Melford"]
[Result "1-0"]
[WhiteElo "858"]
[BlackElo "635"]
[Annotator "jd"]
[PlyCount "63"]
[EventDate "2002.02.08"]

1. d4 d5 2. e3 g6 3. b3 Bg7 4. Bb2 Nf6 5. Nd2 O-O 6. Bd3 b6 7. Ngf3 Bg4 8. O-O
Nbd7 9. Re1 c5 10. c3 Qc7 11. Rc1 Bh5 12. h3 Rac8 13. Qc2 Bxf3 14. Nxf3 Qd6 15.
Ba3 e5 16. Rb1 Rfe8 17. Bb5 e4 18. Ne5 Qe6 19. Nxd7 Nxd7 20. Qd1 Qf5 21. Rc1
Bf6 22. Bxd7 Qxd7 23. Qg4 Qxg4 24. hxg4 Rc7 25. Bb2 Re6 26. dxc5 bxc5 27. Re2
Rec6 28. a3 Be5 29. Rd1 Rb7 30. c4 dxc4 31. Bxe5 cxb3 32. Rd8# 1-0

[Event "Autumn Cup"]
[Site "Box Hill"]
[Date "2002.03.01"]
[Round "4.54"]
[White "Gray, Alan"]
[Black "Leung, James"]
[Result "0-1"]
[WhiteElo "675"]
[BlackElo "533"]
[Annotator "jd"]
[PlyCount "142"]
[EventDate "2002.02.08"]

1. e4 e5 2. Nf3 Nc6 3. Bc4 f6 4. c3 Bc5 5. d4 exd4 6. cxd4 Bb4+ 7. Nc3 Nge7 8.
O-O f5 9. Re1 d6 10. a3 fxe4 11. Rxe4 Bxc3 12. bxc3 d5 13. Bxd5 Qxd5 14. Qe1
Bf5 15. Re3 O-O-O 16. Ne5 g6 17. a4 Na5 18. Ba3 Nec6 19. Rc1 Nc4 20. Nxc4 Qxc4
21. Qd1 Ne5 22. Rxe5 Bd3 23. Rc5 Qa2 24. Ra1 Qe2 25. Qc1 Rhe8 26. g3 Qf3 27.
Qf4 Qxf4 28. gxf4 Rg8 29. Bc1 Rde8 30. Be3 Rg7 31. Rd1 Be2 32. Rd2 Bh5 33. Kg2
h6 34. f3 Reg8 35. Kf2 g5 36. fxg5 hxg5 37. d5 b6 38. Rc6 Be8 39. Rf6 g4 40.
fxg4 Rxg4 41. Kf3 Bh5 42. Bf2 Rg2+ 43. Kf4 R8g4+ 44. Ke5 Rxh2 45. Be3 Rxd2 46.
Bxd2 Rxa4 47. Rh6 Bf3 48. Rh8+ Kb7 49. Rf8 Re4+ 50. Kf6 Rf4+ 51. Bxf4 Bxd5 52.
Rd8 Bc6 53. Ke5 a6 54. Kd4 b5 55. Re8 Bxe8 56. Kd3 Bg6+ 57. Kd2 c5 58. Kc1 Kb6
59. Kb2 b4 60. Be3 a5 61. c4 a4 62. Ka2 Bf7 63. Bc1 Bxc4+ 64. Ka1 Bd3 65. Be3
Kb5 66. Bd2 c4 67. Kb2 a3+ 68. Ka2 Ka4 69. Bc1 b3+ 70. Ka1 c3 71. Be3 b2+ 0-1

[Event "Autumn Cup"]
[Site "Box Hill"]
[Date "2002.03.08"]
[Round "5.1"]
[White "Bourmistrov, Denis"]
[Black "Gluzman, Michael"]
[Result "1/2-1/2"]
[WhiteElo "1922"]
[BlackElo "2363"]
[Annotator "mg"]
[PlyCount "102"]
[EventDate "2002.02.08"]

1. d4 d5 2. c4 e6 3. Nc3 c5 4. cxd5 exd5 5. Nf3 Nc6 6. Bg5 f6 7. Bf4 g5 8. Bg3
Nh6 9. e3 c4 10. Nd2 Be6 11. Nxc4 Nf5 12. Nd2 h5 13. Nb5 Rc8 14. h3 Nxg3 15.
fxg3 a6 16. Nc3 Bd6 17. Qf3 Qe7 18. Be2 f5 19. O-O-O g4 20. Qf2 Nb4 21. Kb1 f4
22. e4 O-O 23. hxg4 fxg3 24. Qe1 dxe4 25. d5 Bf7 26. gxh5 e3 27. Nc4 Bxd5 28.
Nxd6 Qh7+ 29. Bd3 Nxd3 30. Qxg3+ Kh8 31. Qg6 Rxc3 32. bxc3 Nf4 33. Qxh7+ Kxh7
34. c4 Bxg2 35. Rhg1 e2 36. Rde1 Bf3 37. Kc2 Rf6 38. Rg3 Bc6 39. Rg4 Bf3 40.
Rg3 Bxh5 41. Ne4 Bg6 42. Rh1+ Kg7 43. Kd2 Re6 44. Nc3 Rd6+ 45. Nd5 Nxd5 46.
cxd5 Rxd5+ 47. Kxe2 Rd6 48. Rb1 b5 49. Rc1 Kf6 50. Rc5 Bb1 51. a3 Ba2 1/2-1/2

[Event "Autumn Cup"]
[Site "Box Hill"]
[Date "2002.03.08"]
[Round "5.2"]
[White "Lojanica, Milenko"]
[Black "Dizdarevic, Mehmedalija"]
[Result "1/2-1/2"]
[WhiteElo "1985"]
[BlackElo "1912"]
[Annotator "jd"]
[PlyCount "23"]
[EventDate "2002.02.08"]

1. e4 g6 2. d4 d6 3. Be3 Bg7 4. Nc3 c6 5. f4 Nf6 6. h3 Qa5 7. Qd2 b5 8. e5 dxe5
9. dxe5 Nfd7 10. Nf3 O-O 11. Ne4 Qxd2+ 12. Nfxd2 1/2-1/2

[Event "Autumn Cup"]
[Site "Box Hill"]
[Date "2002.03.08"]
[Round "5.3"]
[White "Lojanica, Zdravko"]
[Black "Wheelwright, Philip"]
[Result "0-1"]
[WhiteElo "1817"]
[BlackElo "1826"]
[Annotator "jd"]
[PlyCount "81"]
[EventDate "2002.02.08"]

1. e4 e5 2. Nf3 Nc6 3. c3 Nf6 4. d4 exd4 5. e5 Ne4 6. cxd4 Bb4+ 7. Nbd2 d5 8.
Bd3 Bg4 9. Qa4 Bxf3 10. gxf3 Nxd2 11. Bxd2 Bxd2+ 12. Kxd2 O-O 13. f4 Qh4 14.
Rad1 Qxf4+ 15. Kc3 Nxe5 16. Qc2 Nxd3 17. Rxd3 Rfe8 18. Rg1 g6 19. h3 Re6 20.
Qd2 Qxd2+ 21. Rxd2 Rae8 22. Kd3 f5 23. h4 Kf7 24. b4 Re4 25. h5 R8e6 26. b5 a6
27. Rc2 c6 28. bxa6 bxa6 29. hxg6+ hxg6 30. Rgc1 Rf4 31. Rb1 Rf3+ 32. Kd2 Rxf2+
33. Kd3 Rf3+ 34. Kd2 f4 35. Rb6 Rf2+ 36. Kc1 Rxc2+ 37. Kxc2 f3 38. Kd2 g5 39.
a4 g4 40. a5 f2 41. Rb1 0-1